Deutsche Stadt nach Stadtteil #2 - Statistiken

Allgemein
  • Dieses Quiz wurde 72 mal gespielt
  • Das Durchschnittsergebnis liegt bei 8 aus 15
Antwortstatistiken
Hint Antwort % Korrekt
Altona Hamburg
98%
Waldhof Mannheim
87%
Wattenscheid Bochum
77%
Warnemünde Rostock
75%
Nippes Köln
70%
Connewitz Leipzig
69%
Dorstfeld Dortmund
49%
Kray Essen
49%
Rheydt Mönchengladbach
48%
Schilksee Kiel
41%
Biebrich Wiesbaden
39%
Bilk Düsseldorf
36%
Dutzendteich Nürnberg
34%
Brackwede Bielefeld
28%
Hiltrup Münster
28%
Keine übereinstimmenden Quizze gefunden
Verteilung der Resultate
Anzahl Personen mit jedem Resultat
Perzentil nach korrekt beantworteten Fragen
Ihre Resultats-Entwicklung
Sie haben dieses Quiz noch nicht gespielt